[Event "VIII Open Vallee d'Aoste A"]
[Site "Saint Vincent - Chatillon ITA"]
[Date "2000.02.13"]
[Round "2"]
[White "Tiviakov, Sergei"]
[Black "Schaefer, Michael"]
[Result "1-0"]
[WhiteElo "2567"]
[BlackElo "2215"]
[PlyCount "69"]
[EventDate "2000.02.12"]

1. e4 c5 2. Nf3 e6 3. d4 cxd4 4. Nxd4 Nf6 5. Nc3 d6 6. Be3 Nc6 7. Qd2 Be7 8. f3
O-O 9. O-O-O a6 10. g4 Nxd4 11. Bxd4 b5 12. g5 Nd7 13. h4 b4 14. Ne2 Qa5 15.
Kb1 e5 16. Be3 Nc5 17. Nc1 Be6 18. h5 Rab8 19. g6 Na4 20. Nb3 Nc3+ 21. bxc3
bxc3 22. Qd3 Rfc8 23. Qxa6 Qc7 24. Rd5 Bxd5 25. exd5 Ra8 26. gxf7+ Kh8 27. Qb6
Qd7 28. Qb4 Rcb8 29. Qxc3 Qa4 30. Qb2 Bf6 31. h6 e4 32. hxg7+ Bxg7 33. Bd4 Bxd4
34. f8=Q+ Rxf8 35. Nxd4 1-0

[Event "VIII Open Vallee d'Aoste A"]
[Site "Saint Vincent - Chatillon ITA"]
[Date "2000.02.13"]
[Round "2"]
[White "Vezzosi, Paolo"]
[Black "Hamdouchi, Hichem"]
[Result "0-1"]
[WhiteElo "2360"]
[BlackElo "2513"]
[PlyCount "86"]
[EventDate "2000.02.12"]

1. d4 d5 2. c4 c6 3. Nf3 Nf6 4. e3 a6 5. Nc3 b5 6. b3 Bg4 7. Be2 e6 8. O-O Bb4
9. Bb2 Nbd7 10. h3 Bxf3 11. Bxf3 O-O 12. Qc2 Rc8 13. Rac1 e5 14. dxe5 Nxe5 15.
Qf5 Nxf3+ 16. Qxf3 dxc4 17. bxc4 Qe7 18. a4 Ba3 19. Bxa3 Qxa3 20. axb5 cxb5 21.
Nb1 Qc5 22. Qb7 bxc4 23. Qxa6 Ne4 24. Nc3 Nxc3 25. Rxc3 Rc6 26. Qa4 Rfc8 27.
Rd1 Qb6 28. Rd4 Qc7 29. g3 h5 30. h4 g6 31. Qd1 Qa5 32. Qc2 Qb5 33. Qd2 Kg7 34.
Rd7 Rf6 35. Rd6 Qb1+ 36. Kh2 Rxd6 37. Qxd6 Qe4 38. Qf4 Qxf4 39. gxf4 Kf6 40.
Kg3 Ke6 41. e4 Kd6 42. Kf3 Kc5 43. Ke3 Rb8 0-1

[Event "VIII Open Vallee d'Aoste A"]
[Site "Saint Vincent - Chatillon ITA"]
[Date "2000.02.14"]
[Round "3"]
[White "Castaldo, Folco"]
[Black "Lanzani, Mario"]
[Result "1/2-1/2"]
[WhiteElo "2242"]
[BlackElo "2417"]
[PlyCount "37"]
[EventDate "2000.02.12"]

1. e4 c5 2. c3 g6 3. d4 cxd4 4. cxd4 d5 5. e5 Nc6 6. Nc3 h5 7. Bb5 e6 8. Be3
Bd7 9. Nge2 Nh6 10. Qd2 Nf5 11. O-O Be7 12. Rac1 Kf8 13. Bd3 Kg7 14. Bxf5 gxf5
15. Nf4 h4 16. Nh3 Rc8 17. Rfd1 Kg6 18. Nf4+ Kg7 19. Nh3 1/2-1/2

[Event "VIII Open Vallee d'Aoste A"]
[Site "Saint Vincent - Chatillon ITA"]
[Date "2000.02.14"]
[Round "3"]
[White "Cebalo, Miso"]
[Black "Mantovani, Renzo"]
[Result "1-0"]
[WhiteElo "2537"]
[BlackElo "2415"]
[PlyCount "71"]
[EventDate "2000.02.12"]

1. d4 d6 2. Nf3 Bg4 3. e4 Nd7 4. h3 Bxf3 5. Qxf3 e5 6. dxe5 dxe5 7. Bc4 Qf6 8.
Qe2 Bb4+ 9. c3 Bc5 10. Nd2 Ne7 11. Nf3 h6 12. Bd2 Ng6 13. g3 a5 14. a4 O-O 15.
O-O Rad8 16. Kg2 c6 17. Rad1 Nb6 18. Bb3 Rd7 19. Bc1 Rfd8 20. Rxd7 Rxd7 21. Nh2
Qd6 22. Qh5 Kf8 23. Ng4 Qe7 24. h4 Nc8 25. Bxh6 gxh6 26. Qxh6+ Ke8 27. h5 Nf8
28. Nf6+ Kd8 29. Nxd7 Kxd7 30. Qg7 f5 31. h6 fxe4 32. Rh1 e3 33. fxe3 Bxe3 34.
Rf1 Ke8 35. Bf7+ Kd8 36. h7 1-0

[Event "VIII Open Vallee d'Aoste A"]
[Site "Saint Vincent - Chatillon ITA"]
[Date "2000.02.14"]
[Round "3"]
[White "Dervishi, Erald"]
[Black "Chatalbashev, Boris"]
[Result "0-1"]
[WhiteElo "2478"]
[BlackElo "2522"]
[PlyCount "104"]
[EventDate "2000.02.12"]

1. e4 d6 2. d4 Nf6 3. Nc3 g6 4. Nf3 Bg7 5. Be2 O-O 6. O-O c6 7. h3 Qc7 8. a4 e5
9. Re1 Nbd7 10. Be3 b6 11. Qd2 Bb7 12. Bh6 Rfe8 13. Bxg7 Kxg7 14. Rad1 a6 15.
Bf1 Rad8 16. g3 exd4 17. Qxd4 c5 18. Qxd6 Qxd6 19. Rxd6 Ne5 20. Nxe5 Rxd6 21.
Nc4 Rd4 22. e5 Nd7 23. f4 f6 24. e6 Nf8 25. e7 Nd7 26. Bd3 f5 27. Re3 Nf6 28.
Re6 Bd5 29. Nxd5 Nxd5 30. Nxb6 Rxe7 31. Rxe7+ Nxe7 32. b3 a5 33. Kf2 Kf6 34.
Ke2 h6 35. c3 Rd8 36. Bb5 Nd5 37. Nxd5+ Rxd5 38. Bc4 Rd8 39. h4 g5 40. hxg5+
hxg5 41. Ke3 g4 42. Ke2 Rh8 43. Bd5 Rh2+ 44. Ke3 Ke7 45. Bb7 Rb2 46. Kd3 Rxb3
47. Bc8 Kf6 48. Kc4 Rb2 49. Kxc5 Rg2 50. Kd4 Rxg3 51. Bb7 Rg1 52. c4 Ra1 0-1

[Event "VIII Open Vallee d'Aoste A"]
[Site "Saint Vincent - Chatillon ITA"]
[Date "2000.02.14"]
[Round "3"]
[White "Galkin, Alexander"]
[Black "Belotti, Bruno"]
[Result "1-0"]
[WhiteElo "2563"]
[BlackElo "2424"]
[PlyCount "81"]
[EventDate "2000.02.12"]

1. e4 c5 2. Nf3 e6 3. d4 cxd4 4. Nxd4 Nf6 5. Nc3 d6 6. Be3 a6 7. f3 Be7 8. Qd2
Nc6 9. g4 O-O 10. O-O-O Nxd4 11. Bxd4 b5 12. g5 Nd7 13. h4 Qa5 14. Kb1 b4 15.
Ne2 Ne5 16. f4 Nc4 17. Qd3 e5 18. f5 Na3+ 19. bxa3 exd4 20. a4 Bd7 21. Qxd4
Rfc8 22. Nf4 Bxa4 23. Bc4 Rc5 24. Bb3 Rac8 25. Rd2 Bxb3 26. cxb3 Qc7 27. Qb2
Bf8 28. Nd3 Rb5 29. Rc1 Qb7 30. Rxc8 Qxc8 31. Rc2 Qb7 32. Qd4 d5 33. e5 Qd7 34.
Rf2 a5 35. h5 Rb8 36. g6 hxg6 37. hxg6 fxg6 38. fxg6 Qe6 39. Nf4 Qf5+ 40. Kb2
Rd8 41. Nxd5 1-0

[Event "VIII Open Vallee d'Aoste A"]
[Site "Saint Vincent - Chatillon ITA"]
[Date "2000.02.14"]
[Round "3"]
[White "Hamdouchi, Hichem"]
[Black "Romanishin, Oleg M."]
[Result "1/2-1/2"]
[WhiteElo "2513"]
[BlackElo "2578"]
[PlyCount "40"]
[EventDate "2000.02.12"]

1. e4 e5 2. Nf3 Nc6 3. d4 exd4 4. Nxd4 Bc5 5. Nxc6 Qf6 6. Qd2 dxc6 7. Nc3 Ne7
8. Na4 Bd6 9. f4 O-O 10. Qf2 Ng6 11. g3 Re8 12. Bd3 Bb4+ 13. c3 Bf8 14. Be3 b5
15. Nc5 Bf5 16. O-O Bxc5 17. Bxc5 Bxe4 18. Bxe4 Rxe4 19. Bxa7 Rae8 20. Rae1 h6
1/2-1/2

[Event "VIII Open Vallee d'Aoste A"]
[Site "Saint Vincent - Chatillon ITA"]
[Date "2000.02.14"]
[Round "3"]
[White "Hernandez Estevez, Yudania"]
[Black "Ioseliani, Nana M."]
[Result "0-1"]
[WhiteElo "2310"]
[BlackElo "2484"]
[PlyCount "88"]
[EventDate "2000.02.12"]

1. e4 c5 2. Nf3 e6 3. d4 cxd4 4. Nxd4 a6 5. Be2 Nf6 6. Nc3 d6 7. O-O Be7 8. f4
O-O 9. Be3 Qc7 10. Bf3 Nc6 11. Kh1 Bd7 12. Nb3 Rab8 13. g4 Bc8 14. g5 Nd7 15.
Bg2 b5 16. Qh5 b4 17. Ne2 Re8 18. Rf3 Nf8 19. Raf1 Bb7 20. Rh3 Bd8 21. Ng3 g6
22. Qh6 f6 23. Nd4 fxg5 24. Nxc6 Bxc6 25. fxg5 Qg7 26. Qxg7+ Kxg7 27. Ne2 e5
28. Rhf3 Ne6 29. h4 Rb7 30. Ng3 Bb6 31. Bh3 Bxe3 32. Bxe6 Bf4 33. Bd5 Rc7 34.
Ne2 Bxd5 35. exd5 Rxc2 36. Nxf4 exf4 37. Rxf4 Rxb2 38. Rf7+ Kg8 39. Rb7 a5 40.
Rd7 Rxa2 41. Rxd6 b3 42. Rb6 a4 43. Rb1 Rd2 44. d6 Rd8 0-1

[Event "VIII Open Vallee d'Aoste A"]
[Site "Saint Vincent - Chatillon ITA"]
[Date "2000.02.14"]
[Round "3"]
[White "Lagumina, Giulio"]
[Black "Lazarev, Vladimir"]
[Result "0-1"]
[WhiteElo "2314"]
[BlackElo "2493"]
[PlyCount "96"]
[EventDate "2000.02.12"]

1. d4 Nf6 2. c4 c5 3. d5 b5 4. cxb5 a6 5. bxa6 g6 6. Nc3 Bxa6 7. e4 Bxf1 8.
Kxf1 d6 9. g3 Bg7 10. Kg2 O-O 11. Nge2 Qb6 12. Rb1 Na6 13. b3 Rfb8 14. f3 Nc7
15. Be3 Qa6 16. Qd2 Rb7 17. Bh6 Bh8 18. h4 Nb5 19. Nxb5 Rxb5 20. Nc3 Rb4 21. a4
Rb7 22. Nb5 Ne8 23. h5 Nc7 24. hxg6 fxg6 25. Nxc7 Rxc7 26. Be3 c4 27. Bf2 cxb3
28. Rxb3 Qxa4 29. Rb4 Qe8 30. Qh6 Qf7 31. Rhb1 Rf8 32. R1b3 Bc3 33. Rxc3 Rxc3
34. f4 Rc2 35. Kf3 Rfc8 36. Bd4 R2c4 37. Rxc4 Rxc4 38. Ke3 Rc7 39. Qh3 h5 40.
Qh4 Rb7 41. Qg5 Rb3+ 42. Kf2 Rd3 43. Ba1 Kh7 44. g4 Rd2+ 45. Kf3 Rd1 46. gxh5
Rxa1 47. hxg6+ Qxg6 48. Qh4+ Kg8 0-1

[Event "VIII Open Vallee d'Aoste A"]
[Site "Saint Vincent - Chatillon ITA"]
[Date "2000.02.14"]
[Round "3"]
[White "Ortega, Lexy"]
[Black "Baburin, Alexander E."]
[Result "0-1"]
[WhiteElo "2479"]
[BlackElo "2591"]
[PlyCount "84"]
[EventDate "2000.02.12"]

1. d4 d5 2. c4 dxc4 3. e3 e6 4. Bxc4 c5 5. Nf3 a6 6. O-O Nf6 7. Bb3 cxd4 8.
exd4 Nc6 9. Nc3 Be7 10. Re1 O-O 11. a3 b5 12. d5 exd5 13. Nxd5 Nxd5 14. Qxd5
Na5 15. Qxa8 Nxb3 16. Bg5 Bxg5 17. Rad1 Bd2 18. Nxd2 Nxd2 19. Qc6 Bg4 20. f3
Be6 21. Qc5 Nb3 22. Qb4 Qb6+ 23. Kh1 a5 24. Qe7 Nd4 25. Re5 b4 26. axb4 axb4
27. Re4 Nc6 28. Rxe6 fxe6 29. Qxe6+ Kh8 30. Rc1 Rd8 31. h3 h6 32. Rxc6 Rd1+ 33.
Kh2 Qb8+ 34. g3 Rd2+ 35. Kh1 Rd8 36. Kg2 Re8 37. Qc4 Qe5 38. Qc2 b3 39. Qf2 Qb5
40. Rc5 Qa6 41. Rc3 Re2 42. Rxb3 Qe6 0-1

[Event "VIII Open Vallee d'Aoste A"]
[Site "Saint Vincent - Chatillon ITA"]
[Date "2000.02.14"]
[Round "3"]
[White "Razuvaev, Yuri S."]
[Black "Manca, Federico"]
[Result "1-0"]
[WhiteElo "2548"]
[BlackElo "2374"]
[PlyCount "71"]
[EventDate "2000.02.12"]

1. d4 Nf6 2. Nf3 g6 3. c4 Bg7 4. Nc3 d6 5. e4 O-O 6. Be2 c5 7. O-O cxd4 8. Nxd4
Nc6 9. Be3 Bd7 10. Nc2 a5 11. f3 b6 12. Na3 Bc8 13. Qd2 Nd7 14. Nab5 Bb7 15. b3
Nc5 16. Rab1 f5 17. exf5 gxf5 18. a3 Ne5 19. b4 axb4 20. axb4 Ncd7 21. Nd5 Rf7
22. Ndc7 Rb8 23. Ne6 Qc8 24. Rbc1 Nf8 25. Nxg7 Rxg7 26. Rf2 Nfg6 27. Bd4 f4 28.
c5 bxc5 29. bxc5 dxc5 30. Rxc5 Qe6 31. Bxe5 Nxe5 32. Qxf4 Bd5 33. Qd4 Rd8 34.
Nc7 Nxf3+ 35. Bxf3 Qe1+ 36. Rf1 1-0

[Event "VIII Open Vallee d'Aoste A"]
[Site "Saint Vincent - Chatillon ITA"]
[Date "2000.02.14"]
[Round "3"]
[White "Sedina, Elena"]
[Black "Ciuffoletti, Paolo"]
[Result "0-1"]
[WhiteElo "2419"]
[BlackElo "2168"]
[PlyCount "142"]
[EventDate "2000.02.12"]

1. e4 e5 2. Nf3 Nc6 3. Nc3 Bb4 4. Nd5 Nf6 5. c3 Be7 6. Nxf6+ Bxf6 7. d4 d6 8.
Be2 Qe7 9. d5 Nd8 10. Be3 a5 11. O-O O-O 12. a4 c6 13. dxc6 bxc6 14. b4 Be6 15.
Nd2 Bg5 16. Bxg5 Qxg5 17. Nc4 Nb7 18. Nxa5 Nxa5 19. bxa5 d5 20. a6 Bh3 21. Bf3
f5 22. Kh1 fxe4 23. Bxe4 dxe4 24. gxh3 Qf4 25. Qe2 Qf3+ 26. Qxf3 exf3 27. Rfe1
Rf5 28. Re4 Rxa6 29. h4 Kf7 30. Rd1 Ke6 31. h3 Rf4 32. Rxf4 exf4 33. Rd4 Ke5
34. Kg1 g6 35. Kf1 h6 36. Ke1 g5 37. hxg5 hxg5 38. Kd2 c5 39. Rc4 Kd5 40. Kd3
Re6 41. a5 Re1 42. Ra4 c4+ 43. Rxc4 Rd1+ 44. Kc2 Ra1 45. Rd4+ Ke5 46. Kb3 Rxa5
47. Rd2 Ra7 48. c4 Rh7 49. Rd5+ Ke4 50. Rxg5 Rxh3 51. Rg1 Rh2 52. Re1+ Kd3 53.
c5 Rh8 54. Rc1 Rb8+ 55. Ka4 Kd2 56. Rh1 Ke2 57. Rh2 Kf1 58. c6 Kg1 59. Rh4 Rf8
60. c7 Kxf2 61. Rh7 Rc8 62. Kb5 Kg3 63. Rg7+ Kh4 64. Rh7+ Kg5 65. Rg7+ Kf6 66.
Rg1 Rxc7 67. Rf1 Kf5 68. Rxf3 Ke4 69. Ra3 f3 70. Ra4+ Ke3 71. Ra3+ Kf2 0-1

[Event "VIII Open Vallee d'Aoste A"]
[Site "Saint Vincent - Chatillon ITA"]
[Date "2000.02.14"]
[Round "3"]
[White "Yakovich, Yuri"]
[Black "Arlandi, Ennio"]
[Result "1-0"]
[WhiteElo "2585"]
[BlackElo "2448"]
[PlyCount "82"]
[EventDate "2000.02.12"]

1. c4 e6 2. Nc3 d5 3. d4 Be7 4. cxd5 exd5 5. Bf4 c6 6. e3 Bf5 7. g4 Be6 8. h4
Bd6 9. Nh3 Ne7 10. Bd3 h6 11. Qf3 Ng6 12. Bxd6 Qxd6 13. Nf4 Nxf4 14. exf4 f6
15. O-O-O Nd7 16. Bg6+ Kd8 17. f5 Nf8 18. Bh5 Bd7 19. Rhe1 Nh7 20. Re3 Be8 21.
Bg6 Bxg6 22. fxg6 Nf8 23. Qf5 Kc7 24. Rde1 Rd8 25. Re7+ Rd7 26. Re8 h5 27. gxh5
Qb4 28. h6 Rxh6 29. Qf4+ Kb6 30. a3 Nxg6 31. Qxh6 Qxc3+ 32. bxc3 gxh6 33. h5
Nf4 34. R1e7 Rxe7 35. Rxe7 Nxh5 36. Kd2 f5 37. Rf7 f4 38. Rf5 Ng7 39. Rxf4 h5
40. Rf7 Ne8 41. Kc2 a5 1-0

[Event "VIII Open Vallee d'Aoste A"]
[Site "Saint Vincent - Chatillon ITA"]
[Date "2000.02.14"]
[Round "3"]
[White "Zelcic, Robert"]
[Black "Yeuillaz, Corrado"]
[Result "1/2-1/2"]
[WhiteElo "2529"]
[BlackElo "2237"]
[PlyCount "95"]
[EventDate "2000.02.12"]

1. e4 e6 2. d4 d5 3. Nc3 Nf6 4. e5 Nfd7 5. f4 c5 6. Nf3 Nc6 7. Be3 a6 8. Qd2
cxd4 9. Nxd4 Nxd4 10. Bxd4 Qa5 11. Bd3 Bc5 12. Bxc5 Qxc5 13. O-O-O Nb6 14. h4
Bd7 15. Kb1 O-O-O 16. h5 Kb8 17. g4 Rc8 18. Rhe1 Rc7 19. Ne2 a5 20. f5 Nc8 21.
Qg5 Qf8 22. Nd4 h6 23. Qd2 Qb4 24. Qxb4 axb4 25. Rf1 Na7 26. fxe6 Bxe6 27. Rf4
Re8 28. Nb5 Nxb5 29. Bxb5 Bd7 30. Rxd5 Bxb5 31. Rxb5 f6 32. Rfxb4 fxe5 33. Re4
Rf7 34. b3 Rf4 35. Rxf4 exf4 36. Rf5 Re4 37. Kb2 f3 38. Rxf3 Rxg4 39. Rf7 Rg5
40. a4 Ka7 41. b4 Kb6 42. a5+ Ka6 43. Kb3 Rg3+ 44. Ka4 Rg4 45. c4 Rxc4 46. Rxg7
b5+ 47. Kb3 Rxb4+ 48. Kxb4 1/2-1/2

[Event "VIII Open Vallee d'Aoste A"]
[Site "Saint Vincent - Chatillon ITA"]
[Date "2000.02.15"]
[Round "4"]
[White "Aldrovandi, Costantino"]
[Black "Orsi, Massimiliano"]
[Result "1-0"]
[WhiteElo "2328"]
[BlackElo "1825"]
[PlyCount "81"]
[EventDate "2000.02.12"]

1. c4 e6 2. b3 d5 3. Bb2 Nf6 4. Nf3 c5 5. g3 Nc6 6. Bg2 Be7 7. O-O O-O 8. Ne5
Nxe5 9. Bxe5 d4 10. Bxf6 Bxf6 11. d3 Rb8 12. Qe1 Bd7 13. Na3 Qe7 14. Rb1 Be5
15. Qa5 Bc6 16. Bxc6 bxc6 17. b4 Bc7 18. Qxc5 Bd6 19. Qxd4 Rfd8 20. Qe4 Bxb4
21. Nc2 c5 22. Qc6 Rbc8 23. Qa4 Bc3 24. Rb3 Bf6 25. Rfb1 Qc7 26. Ne1 Rb8 27.
Nf3 g6 28. Qa6 Rxb3 29. Rxb3 Rb8 30. Rxb8+ Qxb8 31. Qb5 Qd6 32. a4 Kg7 33. h4
h5 34. Kf1 Qc7 35. a5 Qe7 36. a6 Qc7 37. Qb7 Bd8 38. Ng5 Qxb7 39. axb7 Bc7 40.
Ne4 Kf8 41. Nxc5 1-0

[Event "VIII Open Vallee d'Aoste A"]
[Site "Saint Vincent - Chatillon ITA"]
[Date "2000.02.15"]
[Round "4"]
[White "Belotti, Bruno"]
[Black "Castaldo, Folco"]
[Result "1-0"]
[WhiteElo "2424"]
[BlackElo "2242"]
[PlyCount "78"]
[EventDate "2000.02.12"]

1. e4 e6 2. d4 d5 3. Nc3 Nf6 4. e5 Nfd7 5. Nf3 c5 6. dxc5 Nc6 7. Bb5 Bxc5 8.
O-O O-O 9. Bf4 f6 10. Bxc6 bxc6 11. Qd2 fxe5 12. Nxe5 Qf6 13. Nd3 Bb6 14. Na4
e5 15. Bg3 Ba6 16. Rfe1 Bxd3 17. Nxb6 axb6 18. cxd3 Rae8 19. Rac1 Re6 20. Qb4
Rfe8 21. h3 e4 22. dxe4 Rxe4 23. Rxe4 Rxe4 24. Qa3 Re6 25. b4 d4 26. Qb3 Kf8
27. a4 Qf5 28. a5 bxa5 29. bxa5 c5 30. Qc4 d3 31. Rd1 Re4 32. Bd6+ Ke8 33. Qg8+
Nf8 34. Bxf8 Qxf8 35. Qxf8+ Kxf8 36. Rxd3 Ra4 37. Rd8+ Ke7 38. Ra8 Ke6 39. Ra7
Kf6 1-0

[Event "VIII Open Vallee d'Aoste A"]
[Site "Saint Vincent - Chatillon ITA"]
[Date "2000.02.15"]
[Round "4"]
[White "Borgo, Giulio"]
[Black "Scavo, Fernando"]
[Result "1-0"]
[WhiteElo "2382"]
[BlackElo "2259"]
[PlyCount "41"]
[EventDate "2000.02.12"]

1. Nf3 Nf6 2. c4 c5 3. Nc3 Nc6 4. d4 cxd4 5. Nxd4 e6 6. Bf4 a6 7. Rc1 d6 8.
Nxc6 bxc6 9. e4 e5 10. Bg5 Be6 11. Be2 Be7 12. O-O O-O 13. Rc2 Ne8 14. Be3 Bg5
15. Bxg5 Qxg5 16. c5 dxc5 17. Na4 Nc7 18. b3 Nb5 19. Rxc5 Bh3 20. Bf3 Nd4 21.
Qxd4 1-0

[Event "VIII Open Vallee d'Aoste A"]
[Site "Saint Vincent - Chatillon ITA"]
[Date "2000.02.15"]
[Round "4"]
[White "Ciuffoletti, Paolo"]
[Black "Sarno, Spartaco"]
[Result "0-1"]
[WhiteElo "2168"]
[BlackElo "2391"]
[PlyCount "79"]
[EventDate "2000.02.12"]

1. e4 d6 2. d4 Nf6 3. Nc3 g6 4. f4 Bg7 5. Nf3 O-O 6. e5 Nfd7 7. h4 c5 8. e6
fxe6 9. h5 gxh5 10. Rxh5 Nf6 11. Rh4 cxd4 12. Nxd4 Nc6 13. Be3 Qb6 14. Qd3 Nb4
15. Qd2 Ne4 16. Nxe4 Bxd4 17. Rg4+ Kf7 18. Rg7+ Ke8 19. Bb5+ Kd8 20. Bxd4 Qxd4
21. Qxd4 Nxc2+ 22. Kd2 Nxd4 23. Bd3 Bd7 24. Rh1 h6 25. g4 Rc8 26. Rxh6 d5 27.
Ng5 Rxf4 28. Ke3 e5 29. Nf7+ Rxf7 30. Rxf7 Bxg4 31. Rh8+ Kc7 32. Rxe7+ Kd6 33.
Rhh7 Nf5+ 34. Bxf5 Bxf5 35. Rhf7 d4+ 36. Kf3 Be6 37. Rg7 Rc2 38. Re8 Bd5+ 39.
Kg4 Rg2+ 40. Kf5 0-1

[Event "VIII Open Vallee d'Aoste A"]
[Site "Saint Vincent - Chatillon ITA"]
[Date "2000.02.15"]
[Round "4"]
[White "Colovic, Aleksandar"]
[Black "Estremera Panos, Sergio"]
[Result "1-0"]
[WhiteElo "2414"]
[BlackElo "2353"]
[PlyCount "176"]
[EventDate "2000.02.12"]

1. e4 c5 2. Nf3 d6 3. c3 Nf6 4. Be2 Bd7 5. Qc2 Nc6 6. d4 cxd4 7. cxd4 Rc8 8.
Nc3 e5 9. Qd1 Bg4 10. d5 Bxf3 11. Bxf3 Nd4 12. O-O Nxf3+ 13. Qxf3 Be7 14. Be3
Qa5 15. Qe2 O-O 16. a3 a6 17. Rfc1 Nd7 18. g3 Qd8 19. h4 Nc5 20. Qd1 Qe8 21. b4
Nd7 22. a4 Nf6 23. a5 Qd7 24. Qe2 Qh3 25. Qf1 Qg4 26. Qg2 Rc4 27. f3 Qd7 28.
Na2 Rfc8 29. Rxc4 Rxc4 30. Rc1 Rxc1+ 31. Nxc1 Qb5 32. Qd2 Qc4 33. Kf2 Nd7 34.
Ne2 Bd8 35. Qc3 Qxc3 36. Nxc3 Kf8 37. Na4 Ke8 38. Ke2 Ke7 39. Bg5+ f6 40. Be3
Kf7 41. Nb2 Ke7 42. Nc4 Bc7 43. f4 Kd8 44. f5 Ke7 45. g4 h6 46. Kf3 Kf7 47. Bb6
Bb8 48. Ke2 Ke7 49. Ne3 Nf8 50. Nf1 Nd7 51. Ng3 Nf8 52. Kd3 Kf7 53. Kc4 Ke8 54.
Nh5 Kf7 55. b5 Nd7 56. bxa6 bxa6 57. Ng3 Ke8 58. Ne2 Nf8 59. Nc1 Kd7 60. Nd3
Kc8 61. Nb4 Kb7 62. Nc6 Bc7 63. Be3 Nd7 64. Kb4 Nf8 65. g5 hxg5 66. hxg5 fxg5
67. Bxg5 Nd7 68. Be7 Nb8 69. Nxb8 Kxb8 70. Bf8 Kc8 71. Bxg7 Kd7 72. Bf6 Ke8 73.
Bg5 Kf7 74. Bh4 Ke8 75. Bf2 Bd8 76. Bb6 Be7 77. Bc7 Kd7 78. Bb6 Ke8 79. Kc4 Kf7
80. Kd3 Kf6 81. Ke2 Kg5 82. Kf3 Kh5 83. Bc7 Kg5 84. Kg3 Kf6 85. Kg4 Kf7 86. Kh5
Kg7 87. Bb8 Bf8 88. Kg5 Be7+ 1-0

[Event "VIII Open Vallee d'Aoste A"]
[Site "Saint Vincent - Chatillon ITA"]
[Date "2000.02.15"]
[Round "4"]
[White "Davies, Nigel R."]
[Black "Komarov, Dimitri"]
[Result "0-1"]
[WhiteElo "2497"]
[BlackElo "2568"]
[PlyCount "98"]
[EventDate "2000.02.12"]

1. e4 e6 2. d3 d5 3. Nd2 Nf6 4. Ngf3 b6 5. c3 Be7 6. Qa4+ c6 7. e5 Nfd7 8. Qg4
O-O 9. d4 c5 10. Nb3 f5 11. Qg3 Ba6 12. h4 Bxf1 13. Kxf1 a5 14. a4 Nc6 15. h5
Rb8 16. Be3 b5 17. dxc5 bxa4 18. Nbd4 Nxd4 19. cxd4 Rxb2 20. Kg1 Rb4 21. Kh2
Nxc5 22. h6 Rf7 23. dxc5 f4 24. Bxf4 Rbxf4 25. c6 Bh4 26. Qh3 Bxf2 27. Rhc1 Bb6
28. Rab1 R4f5 29. hxg7 Rxg7 30. Qh4 Rf8 31. Qxd8 Bxd8 32. Rb7 Bc7 33. Rc3 Rf4
34. Kg1 h6 35. Kf2 Rff7 36. Ke1 Rg4 37. Kf2 Kg7 38. g3 Kh7 39. Kg2 Re4 40. Kh3
Kg7 41. Kg2 Kg8 42. Rb2 Rb4 43. Rbc2 Rb3 44. Rc1 Rf8 45. R1c2 Rxc3 46. Rxc3 Rb8
47. Kf2 Rb3 48. Rc2 Bb6+ 49. Kg2 a3 0-1

[Event "VIII Open Vallee d'Aoste A"]
[Site "Saint Vincent - Chatillon ITA"]
[Date "2000.02.15"]
[Round "4"]
[White "Drabke, Lorenz Maximilian"]
[Black "Nelli, Luca"]
[Result "1-0"]
[WhiteElo "2149"]
[BlackElo "1936"]
[PlyCount "55"]
[EventDate "2000.02.12"]

1. e4 e5 2. Nc3 Bc5 3. Nf3 d6 4. d4 exd4 5. Nxd4 Nc6 6. Nxc6 bxc6 7. Bd3 Qh4 8.
Qf3 Ne7 9. Qf4 Qxf4 10. Bxf4 O-O 11. O-O f5 12. Bd2 fxe4 13. Nxe4 Bb6 14. Rae1
Nd5 15. Ng5 Bf5 16. Bxf5 Rxf5 17. Ne6 Re8 18. c4 Nf6 19. h3 Kf7 20. Ng5+ Kg6
21. Rxe8 Nxe8 22. Nf3 Kf7 23. Re1 Nf6 24. Re2 Nd7 25. Bc3 Rc5 26. b3 d5 27. Bb4
dxc4 28. Bxc5 1-0

[Event "VIII Open Vallee d'Aoste A"]
[Site "Saint Vincent - Chatillon ITA"]
[Date "2000.02.15"]
[Round "4"]
[White "Franco Ocampos, Zenon"]
[Black "Yakovich, Yuri"]
[Result "1/2-1/2"]
[WhiteElo "2511"]
[BlackElo "2585"]
[PlyCount "53"]
[EventDate "2000.02.12"]

1. c4 e5 2. g3 Nf6 3. Bg2 d5 4. cxd5 Nxd5 5. Nf3 Nc6 6. O-O Nb6 7. d3 Be7 8.
Nbd2 O-O 9. a3 a5 10. b3 Be6 11. Bb2 f6 12. Rc1 Qd7 13. Re1 Rfd8 14. Ne4 Nd4
15. Nxd4 exd4 16. Qc2 c6 17. Nc5 Bxc5 18. Qxc5 Ra6 19. Rb1 Qd6 20. Qc2 Na8 21.
Bc1 Nc7 22. Bf4 Qd7 23. Bxc7 Qxc7 24. b4 axb4 25. axb4 Qb6 26. Rec1 Ra2 27. Qc5
1/2-1/2

[Event "VIII Open Vallee d'Aoste A"]
[Site "Saint Vincent - Chatillon ITA"]
[Date "2000.02.15"]
[Round "4"]
[White "Manca, Federico"]
[Black "Blasco, Domenico"]
[Result "1-0"]
[WhiteElo "2374"]
[BlackElo "2092"]
[PlyCount "53"]
[EventDate "2000.02.12"]

1. e4 Nf6 2. e5 Nd5 3. Nc3 Nxc3 4. dxc3 d5 5. Bf4 Bf5 6. g4 Bc8 7. Qf3 e6 8.
O-O-O Be7 9. h4 c6 10. h5 Bg5 11. Nh3 Bxf4+ 12. Qxf4 f6 13. h6 fxe5 14. hxg7
Rg8 15. Qxe5 Qe7 16. Bd3 Rxg7 17. Nf4 Na6 18. Nh5 Qg5+ 19. Qxg5 Rxg5 20. f4 Rg6
21. Bxg6+ hxg6 22. Nf6+ Ke7 23. g5 Nc7 24. Rh7+ Kd8 25. Rdh1 Ne8 26. Rf7 Nd6
27. Rh8+ 1-0

[Event "VIII Open Vallee d'Aoste A"]
[Site "Saint Vincent - Chatillon ITA"]
[Date "2000.02.15"]
[Round "4"]
[White "Nevednichy, Vladislav"]
[Black "Hamdouchi, Hichem"]
[Result "1/2-1/2"]
[WhiteElo "2589"]
[BlackElo "2513"]
[PlyCount "106"]
[EventDate "2000.02.12"]

1. e4 c5 2. Nf3 e6 3. d3 d6 4. g3 b6 5. Bg2 Bb7 6. O-O Nf6 7. Nbd2 Nbd7 8. Qe2
Be7 9. c3 O-O 10. Ng5 d5 11. e5 Nxe5 12. Nxe6 fxe6 13. Qxe5 Kh8 14. Qxe6 Bc8
15. Qe2 Bg4 16. f3 Bh5 17. g4 Bf7 18. f4 Bd6 19. h3 Qc7 20. Nf3 Rae8 21. Ne5
Bxe5 22. fxe5 Rxe5 23. Qf3 Ree8 24. Bf4 Qd8 25. Rae1 Rxe1 26. Rxe1 Bg6 27. Qg3
Qd7 28. Bd6 Re8 29. Rxe8+ Qxe8 30. Be5 Nd7 31. Bf4 Qe2 32. Qe3 Qxe3+ 33. Bxe3
Bxd3 34. Bxd5 Nf6 35. Be6 Be4 36. c4 Bc6 37. Bf4 Nd7 38. Kf2 h6 39. h4 Kh7 40.
a3 Kg6 41. Bg3 Kf6 42. Bd6 Ba4 43. b4 cxb4 44. Bxb4 g5 45. h5 a5 46. Bc3+ Ke7
47. Bd5 Bb3 48. Bg7 b5 49. Bc6 Bxc4 50. Bxh6 Ne5 51. Bxg5+ Kf7 52. Be4 Nxg4+
53. Kg3 Nf6 1/2-1/2

[Event "VIII Open Vallee d'Aoste A"]
[Site "Saint Vincent - Chatillon ITA"]
[Date "2000.02.15"]
[Round "4"]
[White "Pantaleoni, Claudio"]
[Black "Bonazzi, Edoardo"]
[Result "0-1"]
[WhiteElo "2203"]
[BlackElo "2060"]
[PlyCount "38"]
[EventDate "2000.02.12"]

1. c4 Nf6 2. Nc3 e5 3. Nf3 Nc6 4. a3 d5 5. cxd5 Nxd5 6. Qc2 Be7 7. e3 Be6 8.
Bb5 f6 9. d4 O-O 10. Bxc6 bxc6 11. dxe5 fxe5 12. Nxe5 Bd6 13. Nd3 Qg5 14. Bd2
Nxc3 15. Bxc3 Rab8 16. O-O Rf3 17. Ne5 Bh3 18. g3 Bxe5 19. Bxe5 Qxe5 0-1

[Event "VIII Open Vallee d'Aoste A"]
[Site "Saint Vincent - Chatillon ITA"]
[Date "2000.02.15"]
[Round "4"]
[White "Romanishin, Oleg M."]
[Black "Timoscenko, Gennadij A."]
[Result "1-0"]
[WhiteElo "2578"]
[BlackElo "2519"]
[PlyCount "91"]
[EventDate "2000.02.12"]

1. Nf3 c5 2. g3 g6 3. c3 Bg7 4. d4 cxd4 5. cxd4 d5 6. Bg2 Nc6 7. Nc3 e6 8. O-O
Nge7 9. b3 O-O 10. Ba3 b6 11. e4 Ba6 12. Re1 Rc8 13. exd5 exd5 14. Bh3 Rc7 15.
Qd2 Bc8 16. Bg2 Ba6 17. Bh3 Bc8 18. Bg2 Ba6 19. Rac1 Re8 20. Qf4 Rd7 21. Bh3
Bb7 22. Rcd1 h6 23. Ne5 Nxe5 24. dxe5 Rc7 25. Ne4 g5 26. Nf6+ Bxf6 27. Qxf6 Ng6
28. Qxd8 Rxd8 29. e6 fxe6 30. Bxe6+ Kg7 31. Bb2+ Kf8 32. Bf6 Rd6 33. Bb2 Rd8
34. Bf5 Ne7 35. Bg4 Bc8 36. Bf3 Bb7 37. Re6 Rc6 38. Re2 Rc7 39. h3 Nf5 40. Ba3+
Kg7 41. Bb2+ Kf7 42. Re5 Ne7 43. Bh5+ Kf8 44. Rde1 Rcd7 45. Bg4 Kf7 46. Be6+
1-0